1880 1933 1883 1580 1276 1094 1524 1751 1254 1543 1021 1944 1528 1227 1430 1076 1329 1055 1556 1079 1682 1721 1649 1892 1949 1687 1346 1436 1007 1221 1116 1747 1308 1659 1439 1696 1913 1327 1888 1464 1654 1806 1782 1873 1905 1227 1393 1467 1778 1565 1864 1337 1678 1337 1884 1401 1953 1537 1448 1524 1505 1374 1726 1600 1967 1719 1426 1606 1720 1668 1744 1141 1276 1431 1088 1077 1707 1492 1291 1935 1256 1087 1709 1785 1636 1032 1522 1076 1853 1522 1463 1534 1050 1602 1117 1600 1190 1055 1380 BCNSPRNW ULIB Ver.6.0+V

เปลี่ยนเป็นภาษาไทย

Change to English
 แสดงรายละเอียดบรรณานุกรม
  กลับหน้าหลัก

Brief Record : Get Marc (ISO 2709) : E-mail record : QR code < ปิดหน้าต่าง
LEADER : 00000nam 2200000uu 4500
001    13399113263
003     ULIB
008    110627s||||||||th 000 0 tha d
020    9786167123400
090    นว.^bก423ช มปป.
100 0  กาญจนวณิช
245 00 เช็คบิลคาสโนวา/^cกาญจนวณิช
250    พิมพ์ครั้งที่ 1
260    กรุงเทพฯ :^bกรีนมายด์,^cมปป.
300    400 หน้า
710 1  กรีนมายด์
945    ^p269^l0^i028063
995    ทศพร
999 ^a ใช้งานได้ทุกระบบ
รายการนี้ยังไม่มีแท็ก
คุณยังไม่ได้ล็อกอิน คุณสามารถมีกิจกรรมร่วมกับเว็บไซต์ได้ แต่ต้องล็อกอินก่อน ::
  ล็อกอิน

รายการสื่อสารสนเทศ

ลำดับที่ ประเภท เลขเรียก/บาร์โค้ด สถานที่ สถานะ
- ไม่พบข้อมูล -

BibComment


ยังไม่เคยถูกคอมเมนท์

คอมเมนท์ทรัพยากรรายการนี้
  คอมเมนท์: เช็คบิลคาสโนวา กา..


 Copyright 2026. Bcnsprnw @Library